000 00301nam a2200121Ia 4500
008 250626s1990 xx 000 0 und d
041 _aeng
082 _a618.6/POL
100 _aRaydurgam N.
245 _aPhysiotherapy In Obstetrics & Gynecology
250 _a1st
260 _bJapee Brothers
_c1990
999 _c1210526
_d1210526